Paises del Mundo Particionados en el Mapa del Mundo #1 - Estadísticas

Estadísticas generales
  • Esta prueba ha sido intentada 89 veces
  • La puntuación promedio es 10 de 12
Respuestas en el mapa
Las respuestas están codificadas por una escala verde-roja en el mapa de la prueba según el % correcto abajo.
 
Estadísticas de respuestas
Respuesta % Correcto
Bolivia
96%
Libia
95%
Angola
86%
Venezuela
86%
Turquía
85%
Hungría
82%
Omán
82%
Bielorrusia
81%
Vietnam
81%
Afganistán
79%
Somalia
79%
Ghana
60%
No se encontraron pruebas coincidentes
Distribución de puntuación
Porcentaje de gente con cada puntuación
Porcentaje por número respondido
Historial de tus puntuaciones
No has intentado esta prueba.